000 00436nam a2200169Ia 4500
005 20250508152151.0
008 008 250505s9999 xx 000 0 hin d
037 _aBooks to be hide in OPAC
040 _aFEDL
_beng
_cFEDL
041 _ahin
_2eng
084 _aFH, BHA
_qFEDL
100 _aBharti Dharamvir
_9392637
245 0 _aGunahon ka devata
300 _a330p
942 _cHB
_hFH, BHA
999 _c1334705
_d1334705